000 00253nam a22000977a 4500
008 251201b |||||||| |||| 00| 0 eng d
020 _a9789369573806
100 _aMTG
_97733
245 _aMTG CBSE 15 SAMPLE QUESTION PAPERS
260 _aNew Delhi
_b MTG
_c2026
999 _c12838
_d12838